[Event "TCh-CRO Jun"]
[Site "Pula CRO"]
[Date "2001.09.18"]
[Round "9"]
[White "Vukovic,N"]
[Black "Ramesa,M"]
[Result "1-0"]
[WhiteElo "2235"]
[BlackElo "2090"]

1.d4 Nf6 2.c4 e6 3.Nf3 Bb4+ 4.Bd2 c5 5.g3 Qb6 6.Qb3 Nc6 7.Bxb4 cxb4 8.e3 O-O
9.Bg2 d5 10.cxd5 Na5 11.Qc2 exd5 12.O-O Bd7 13.Nbd2 Rac8 14.Qd1 Bb5 15.Re1 Nc4
16.Nxc4 dxc4 17.e4 c3 18.b3 c2 19.Qd2 Rc3 20.e5 Nd5 21.Ng5 Qd8 22.Ne4 Rd3
23.Qxc2 Nc3 24.Nxc3 Rxc3 25.Qd2 Qb6 26.d5 Rfc8 27.Be4 Qc5 28.Rad1 Rd8 29.Qf4 Be8
30.Qh4 Qxf2+  1-0

[Event "6th ECCW"]
[Site "Belgrade YUG"]
[Date "2001.09.20"]
[Round "5"]
[White "Alexandrova,O"]
[Black "Polovnikova,E"]
[Result "0-1"]
[WhiteElo "2387"]
[BlackElo "2368"]

1.d4 Nf6 2.Nf3 e6 3.c4 Bb4+ 4.Bd2 c5 5.Bxb4 cxb4 6.g3 b6 7.Bg2 Bb7 8.O-O O-O
9.Nbd2 Qe7 10.Ne1 Bxg2 11.Nxg2 Nc6 12.e3 Rac8 13.Qe2 d5 14.Rac1 dxc4 15.Rxc4 Na5
16.Rcc1 Qd7 17.Qd3 e5 18.Ne4 Nxe4 19.Qxe4 exd4 20.Rcd1 Qa4 21.Rxd4 Qxa2 22.Nf4 Nb3
23.Rd6 Qxb2 24.Nd5 Nd2 25.Qg4 Rc1 26.Rh6 Rxf1+ 27.Kg2 Rxf2+ 28.Kh3 Rxh2+
29.Kxh2 Nf3+ 30.Kh1 Qc1+ 31.Kg2 Qg1+  0-1

[Event "ECC"]
[Site "Panormo GRE"]
[Date "2001.09.25"]
[Round "3"]
[White "Stamenkov,V"]
[Black "Bogdanovski,V"]
[Result "0-1"]
[WhiteElo "2378"]
[BlackElo "2430"]

1.d4 Nf6 2.c4 e6 3.Nf3 Bb4+ 4.Bd2 c5 5.Bxb4 cxb4 6.g3 O-O 7.Bg2 d6 8.Nbd2 Nc6
9.Nf1 Bd7 10.Ne3 Ne7 11.O-O a5 12.a3 bxa3 13.bxa3 b5 14.d5 bxc4 15.Nxc4 Bb5
16.Ne3 Nexd5 17.Nxd5 Nxd5 18.Nd4 Bc4 19.Rc1 Rc8 20.Qa4 Nb6 21.Qxa5 Rc5 22.Qa7 Nc8
23.Qa4 Qc7 24.Rb1 d5 25.Rfe1 Nd6 26.Qb4 e5 27.Nb3 Rb5 28.Qc3 d4 29.Qc2 Rc8
30.Rec1 Qb8 31.Bh3 Be6 32.Qxc8+ Nxc8 33.Bxe6 fxe6 34.Nd2 Nd6  0-1

[Event "ECC"]
[Site "Panormo GRE"]
[Date "2001.09.26"]
[Round "4"]
[White "Blaho,S"]
[Black "Ginzburg,Mi"]
[Result "1/2-1/2"]
[WhiteElo "2158"]
[BlackElo "2274"]

1.d4 Nf6 2.c4 e6 3.Nf3 Bb4+ 4.Bd2 a5 5.g3 b6 6.Bg2 Bb7 7.O-O O-O 8.Nc3 d6
9.a3 Bxc3 10.Bxc3 Ne4 11.Rc1 Nxc3 12.Rxc3 Nd7 13.Qc1 h6 14.Rd1 Qe7 15.Qc2 Nf6
16.Ne1 Bxg2 17.Nxg2 Rfd8 18.e4 e5 19.f3 exd4 20.Rxd4 Qe5 21.Rd1 Qh5 22.Nf4 Qc5+
23.Qf2 Rd7 24.Nd5 Nh7 25.Rd2 a4 26.Kg2 Nf8 27.Ne3 Ne6 28.Rd5 Qc6 29.Qd2 Rdd8
30.Nf5 Re8 31.h4 Ra5 32.Rc2 Rc5 33.Qc3 b5 34.Rxc5 Qxc5 35.Qa5 Rb8 36.Qb4 Kf8
37.Rc3 Qxb4 38.axb4 bxc4 39.Rxc4 h5 40.Ne3 Ke8 41.Kf2 Kd7 42.Nc2 c5 43.Ke3 Kc6
44.Kd3 g6 45.Kc3 d5 46.b5+  1/2-1/2

[Event "It IM"]
[Site "Kastav CRO"]
[Date "2001.10.04"]
[Round "10"]
[White "Jovanic,O"]
[Black "Dumpor,A"]
[Result "1/2-1/2"]
[WhiteElo "2409"]
[BlackElo "2329"]

1.d4 Nf6 2.Nf3 e6 3.c4 Bb4+ 4.Bd2 Qe7 5.g3 O-O 6.Bg2 Ne4 7.a3 Bxd2+ 8.Nbxd2 f5
9.O-O d5 10.Rc1 c6 11.Ne5 Nd7 12.Nd3 Qf6 13.e3 Qh6 14.Qe2 Ndf6 15.f3 Ng5
16.Ne5  1/2-1/2

[Event "TCh-BUL w"]
[Site "Pamporovo BUL"]
[Date "2001.10.04"]
[Round "3"]
[White "Tomovska,I"]
[Black "Andreeva,M"]
[Result "1/2-1/2"]
[WhiteElo "2049"]
[BlackElo "2026"]

1.d4 Nf6 2.Nf3 e6 3.c4 Bb4+ 4.Bd2 a5 5.Qc2 b6 6.e4 d6 7.Bd3 Nbd7 8.O-O Bxd2
9.Qxd2 Bb7 10.Nc3 O-O 11.Rad1 e5 12.Bc2 Re8 13.Rfe1 exd4 14.Nxd4 Ne5 15.b3 Qd7
16.f3 Rad8 17.Qg5 h6 18.Qh4 Ng6 19.Qf2 Qc8 20.Nf5 Qe6 21.Nb5 Rd7 22.a3 Ba6
23.Nxc7 Rxc7 24.Qxb6 Qc8 25.Nxd6  1/2-1/2

[Event "TCh-BUL w"]
[Site "Pamporovo BUL"]
[Date "2001.10.04"]
[Round "3"]
[White "Genova,R"]
[Black "Alexandrova,O"]
[Result "1-0"]
[WhiteElo "2221"]
[BlackElo "2387"]

1.d4 Nf6 2.Nf3 e6 3.c4 Bb4+ 4.Bd2 Qe7 5.g3 Nc6 6.Nc3 Bxc3 7.Bxc3 Ne4 8.Rc1 Nxc3
9.Rxc3 d6 10.Bg2 O-O 11.O-O e5 12.d5 Nb8 13.b4 Bg4 14.c5 a5 15.a3 axb4 16.axb4 Na6
17.cxd6 cxd6 18.Qb3 Rfc8 19.Rfc1 Qd8 20.h3 Bd7 21.Nd2 Rxc3 22.Rxc3 Nc7 23.Rc1 Nb5
24.e3 h6 25.Qb2 Nc7 26.Nc4 Bb5 27.Na5 Qb8 28.h4 Ne8 29.Rc3 Qa7 30.Qc1 Bd7
31.Nc4 Rc8 32.Na5 Rxc3 33.Qxc3 Qb6 34.Bf1 Nf6 35.Qc4 Kf8 36.Bd3 Ne8 37.Qc3  1-0

[Event "ch-SLO"]
[Site "Grize SLO"]
[Date "2001.10.09"]
[Round "9"]
[White "Soln,P"]
[Black "Sakelsek,T"]
[Result "1/2-1/2"]
[WhiteElo "2421"]
[BlackElo "2202"]

1.d4 Nf6 2.Nf3 e6 3.c4 Bb4+ 4.Bd2 a5 5.Nc3 b6 6.Bg5 Bb7 7.e3 h6 8.Bh4 g5
9.Bg3 d6 10.Nd2 Ne4 11.Ndxe4 Bxe4 12.f3 Bxc3+ 13.bxc3 Bc6 14.Bd3 Nd7 15.O-O h5
16.h3 Qe7 17.Qb1 f5 18.d5 exd5 19.cxd5 Bxd5 20.Bxf5 O-O 21.Qd3 Bf7 22.e4 Ne5
23.Qd2 Bg6 24.f4 gxf4 25.Qxf4 Rae8 26.Qd2 Qg7 27.Kh2 Rf7 28.Qd5 Kh8 29.Bxg6 Rxf1
30.Rxf1 Qxg6 31.Rf5 c6 32.Qd1 Nf7 33.Qd4+ Kg8 34.Qxb6 Rxe4 35.Rf3 Ng5 36.Rf1 h4
37.Bf4 Nf7 38.Qf2 Qh5 39.Bc1 Re2 40.Qf6 Qe5+ 41.Qxe5 dxe5 42.Ba3 Rxa2 43.Be7 Ra4
44.Rb1 Rc4 45.Ra1 a4 46.Kg1 Nh6 47.Bf6 Nf7  1/2-1/2

[Event "ULIM Cup"]
[Site "Kishnev MDA"]
[Date "2001.10.12"]
[Round "6"]
[White "Barasiant,M"]
[Black "Gordin,A"]
[Result "0-1"]
[WhiteElo "2062"]
[BlackElo "2226"]

1.d4 Nf6 2.Nf3 e6 3.c4 Bb4+ 4.Bd2 Qe7 5.a3 Bxd2+ 6.Qxd2 O-O 7.Nc3 d6 8.e3 e5
9.Qc2 c6 10.d5 a6 11.e4 Nh5 12.g3 f5 13.Bg2 fxe4 14.Qxe4 Bf5 15.Qh4 Nf6 16.O-O cxd5
17.cxd5 Nbd7 18.Ng5 h6 19.Nge4 Rac8 20.Rac1 Nc5 21.Nxf6+ Qxf6 22.Qxf6 gxf6
23.f3 Bd3 24.Rf2 f5 25.Bf1 b5 26.Rd1 Bxf1 27.Kxf1 Kg7 28.Kg2 Nb3 29.g4 fxg4
30.fxg4 Rxf2+ 31.Kxf2 Rc4 32.Kg3 Rf4 33.Re1 Nd2 34.h3 b4  0-1

[Event "Sportland NRW Cup"]
[Site "Senden GER"]
[Date "2001.10.16"]
[Round "4"]
[White "Jakobsen,O"]
[Black "Molinaroli,M"]
[Result "1-0"]
[WhiteElo "2425"]
[BlackElo "2236"]

1.d4 Nf6 2.c4 e6 3.Nf3 Bb4+ 4.Bd2 Bxd2+ 5.Nbxd2 O-O 6.g3 d6 7.Bg2 Nc6 8.O-O e5
9.d5 Nb8 10.e4 a5 11.Ne1 Na6 12.Nd3 c6 13.a3 Bd7 14.Re1 Qb6 15.c5 Nxc5 16.Nc4 Qb5
17.Nxc5 Qxc5 18.Rc1 Qb5 19.dxc6 Bxc6 20.Qxd6 Nd7 21.Red1 Rad8 22.h3 h6 23.Qd2 Nf6
24.Qxd8 Rxd8 25.Rxd8+ Kh7 26.Rdd1 a4 27.Re1 Nd7 28.Bf1 Qb3 29.Re2 Bb5 30.Rd2 Qf3
31.Bg2 Qf6 32.Nd6 Bc6 33.Nxb7 Bxb7 34.Rxd7 Bc8 35.Rxc8  1-0

[Event "YM"]
[Site "Zug SUI"]
[Date "2001.10.16"]
[Round "8"]
[White "Moor,O"]
[Black "Pelletier,Y"]
[Result "0-1"]
[WhiteElo "2380"]
[BlackElo "2545"]

1.d4 Nf6 2.c4 e6 3.Nf3 Bb4+ 4.Bd2 Qe7 5.Nc3 b6 6.g3 Ba6 7.Qb3 Bb7 8.Bg2 O-O
9.O-O a5 10.Rfd1 Bxc3 11.Bxc3 a4 12.Qc2 Be4 13.Qd2 d6 14.d5 e5 15.Nh4 Bxg2
16.Kxg2 Ne4 17.Qc2 Nxc3 18.Qxc3 f5 19.b4 e4 20.Kg1 g5 21.Ng2 Nd7 22.f4 exf3
23.exf3 f4 24.gxf4 gxf4 25.Kh1 Ne5 26.Rg1 Kh8 27.Rae1 Rf6 28.Re4 Qf7 29.Rxe5 dxe5
30.Qxe5 Re8 31.Qd4 Rg8 32.Nxf4 Rxg1+ 33.Kxg1 Kg8 34.Ne6 Rxf3 35.Qg4+ Qg6
36.Qxg6+ hxg6 37.c5 bxc5 38.bxc5 Ra3 39.Nxc7 Rxa2 40.c6 a3  0-1

[Event "TCh-SLO"]
[Site "Bled SLO"]
[Date "2001.10.19"]
[Round "2"]
[White "Basagic,Z"]
[Black "Hulak,K"]
[Result "1/2-1/2"]
[WhiteElo "2372"]
[BlackElo "2566"]

1.d4 Nf6 2.c4 e6 3.Nf3 Bb4+ 4.Bd2 Qe7 5.g3 Nc6 6.Nc3 O-O 7.Bg2 d6 8.O-O Bxc3
9.Bxc3 Ne4 10.Qc2 Nxc3 11.Qxc3 e5 12.d5 Nd8 13.e4 f6 14.Ne1 a5 15.Nd3 c5
16.b3 Bd7 17.a4 f5 18.f4 fxe4 19.Nf2 Nf7 20.Rae1 Qd8 21.Nxe4 exf4 22.Rxf4 Qb6
23.Ref1 Ne5 24.Ng5 Qb4 25.Qc2 g6 26.Ne6 Rfe8 27.Nc7 Bf5 28.Rxf5 gxf5 29.Nxa8 Rxa8
30.Qxf5 Qxb3 31.Qe6+ Kg7 32.Qxd6 Qe3+ 33.Kh1 Ng6 34.Qf6+ Kh6 35.Rf4 Qe1+
36.Bf1 Kh5 37.g4+ Kh6 38.Rf3 Qe4 39.Qf5 Qxf5 40.gxf5 Nh4 41.Rb3 Rf8 42.Bh3 Re8
43.Kg1 Kg5 44.Kf2 Nxf5 45.Bxf5 Kxf5 46.Rf3+ Kg6 47.Re3 Rxe3 48.Kxe3 Kf5 49.Kf3 h5
50.Ke3  1/2-1/2

[Event "TCh-CZE 2001-2"]
[Site "CZE"]
[Date "2001.10.20"]
[Round "1"]
[White "Polak,T"]
[Black "Hedman,E"]
[Result "1/2-1/2"]
[WhiteElo "2482"]
[BlackElo "2342"]

1.d4 e6 2.c4 Nf6 3.Nf3 Bb4+ 4.Bd2 Bxd2+ 5.Qxd2 O-O 6.g3 d5 7.Bg2 Nbd7 8.O-O c6
9.Qc2 b6 10.Nc3 Bb7 11.Rfd1 Qe7 12.e4 dxe4 13.Ne5 c5 14.Nxd7 Nxd7 15.Bxe4 Bxe4
16.Qxe4 Nf6 17.Qe5 cxd4 18.Rxd4 Rac8 19.b3 Rfd8 20.Rad1 Rxd4 21.Rxd4 h6 22.Nb5 Kf8
23.h3 a6 24.Nd6 Rc5 25.Qe3 Nd5 26.cxd5 Qxd6 27.dxe6 Qxe6 28.Qxe6 fxe6 29.Rd6 Ra5
30.Rxe6 Rxa2 31.Rxb6 a5 32.h4 a4 33.bxa4 Rxa4 34.h5 Ra5 35.g4 Ra4 36.Rg6 Kg8
37.Kg2 Kh7 38.Kg3 Ra3+ 39.f3 Ra4 40.Re6 Ra3 41.Kf4 Rb3 42.Ke4 Rb4+ 43.Kf5 Rb3
44.f4 Rf3 45.Re4 Rg3 46.Re6 Rf3 47.Re4 Rg3 48.g5 hxg5 49.fxg5 Rg1 50.Re5 Rh1
51.h6 Rf1+  1/2-1/2

[Event "TCh-CZE 2001-2"]
[Site "CZE"]
[Date "2001.10.21"]
[Round "2"]
[White "Orsag,Mil1"]
[Black "Voloshin,L"]
[Result "1/2-1/2"]
[WhiteElo "2387"]
[BlackElo "2437"]

1.d4 e6 2.Nf3 Nf6 3.c4 Bb4+ 4.Bd2 Qe7 5.Nc3 Bxc3 6.Bxc3 Ne4 7.Rc1 O-O 8.g3 b6
9.Bg2 Bb7 10.O-O c5 11.Qc2 d6 12.Rfd1 Nd7 13.dxc5 Ndxc5 14.Be1 Nf6 15.b4 Be4
16.Qd2 Nb7 17.Bf1 Rfd8 18.Nd4 e5 19.f3 exd4 20.fxe4 Nxe4 21.Qxd4 d5 22.cxd5 Nbd6
23.Bg2 f5 24.Rc6 Rd7 25.Bf3 Rad8 26.a4 h6 27.Bc3 Nxc3 28.Qxc3 Ne4 29.Qc4 Nd6
30.Qd4 Kh7 31.b5 g6 32.Kg2 h5 33.h4 Qg7 34.Qf4 Qe7 35.Rdc1 Kg7 36.Qd4+ Qf6
37.Qf4 Qe7 38.Kf2 Rf8 39.Qd4+ Qf6 40.Qxf6+ Kxf6 41.Rc7 Rff7 42.Rxd7  1/2-1/2

[Event "Sportland NRW Cup"]
[Site "Senden GER"]
[Date "2001.10.21"]
[Round "9"]
[White "Kalinitschew,S"]
[Black "Molinaroli,M"]
[Result "1-0"]
[WhiteElo "2487"]
[BlackElo "2236"]

1.d4 Nf6 2.Nf3 e6 3.c4 Bb4+ 4.Bd2 Qe7 5.g3 O-O 6.Bg2 Bxd2+ 7.Qxd2 d6 8.Nc3 e5
9.O-O Re8 10.Qc2 Nc6 11.dxe5 dxe5 12.Nd5 Nxd5 13.cxd5 Nb4 14.Qc3 c6 15.e4 cxd5
16.exd5 Bf5 17.a3 Nc2 18.Rad1 Be4 19.d6 Qf6 20.d7 Red8 21.Rd2 Bxf3 22.Qxc2 h5
23.Bxf3 Qxf3 24.Re1 f6 25.h3 b6 26.Re3 Qb7 27.Qc4+ Kf8 28.Qe6 a6 29.g4 Ra7
30.Red3 Qe4 31.Qxb6 Raa8 32.Re3 Qb1+ 33.Kh2 hxg4 34.hxg4 Kf7 35.Qb3+ Ke7
36.Qb4+ Kf7 37.Qc4+ Ke7 38.Red3 Rab8 39.Rd6 Rxb2 40.Re6+ Kf8  1-0

[Event "WYB14"]
[Site "Oropesa del Mar ESP"]
[Date "2001.10.22"]
[Round "2"]
[White "Esenov,A"]
[Black "Wojtaszek,R"]
[Result "0-1"]
[WhiteElo "2107"]
[BlackElo "2285"]

1.d4 Nf6 2.c4 e6 3.Nf3 Bb4+ 4.Bd2 Qe7 5.a3 Bxd2+ 6.Nbxd2 O-O 7.e3 d6 8.Bd3 e5
9.Qc2 Re8 10.dxe5 dxe5 11.Ng5 h6 12.Nge4 Nxe4 13.Bxe4 Nd7 14.O-O a5 15.Rfd1 a4
16.Nf3 Nc5 17.Rd5 Nd7 18.Rad1 c6 19.Rd6 Nc5 20.Bf5 e4 21.Bxc8 Raxc8 22.Ne1 Rcd8
23.Rxd8 Rxd8 24.Rd4 f5 25.g3 Nb3 26.Rd1 Rxd1 27.Qxd1 Qe6 28.Qc2 Qd6 29.Qe2 Qd2
30.Kf1 Qc1 31.Kg2 Nd2 32.c5 Qxb2 33.Qh5 Qb5 34.Kh3 Qxc5 35.Qe8+ Kh7 36.Qd7 Nf3
37.Ng2 Ng1+ 38.Kh4 Qe5 39.Nf4 Qf6+  0-1

[Event "TCh-SLO"]
[Site "Bled SLO"]
[Date "2001.10.23"]
[Round "6"]
[White "Cebalo,M"]
[Black "Cigan,S"]
[Result "1/2-1/2"]
[WhiteElo "2492"]
[BlackElo "2349"]

1.d4 Nf6 2.c4 e6 3.Nf3 Bb4+ 4.Bd2 c5 5.g3 Qb6 6.Bg2 Nc6 7.d5 exd5 8.cxd5 Nxd5
9.O-O Nde7 10.e4 O-O 11.Be3 Qb5 12.Qc2 d5 13.exd5 Bf5 14.Qd1 Rad8 15.Nh4 Be6
16.d6 Nc8 17.Nc3 Bxc3 18.bxc3 Nxd6 19.Rb1 Qc4 20.Qh5 Qxc3 21.Qxc5 Qxc5 22.Bxc5 b6
23.Bxb6  1/2-1/2

[Event "World Seniors"]
[Site "Arco ITA"]
[Date "2001.10.26"]
[Round "9"]
[White "Khanukov,B"]
[Black "Kholmov,R"]
[Result "1/2-1/2"]
[WhiteElo "2346"]
[BlackElo "2427"]

1.d4 Nf6 2.c4 e6 3.Nf3 Bb4+ 4.Bd2 Bxd2+ 5.Qxd2 d5 6.e3 O-O 7.Nc3 Qe7 8.cxd5 exd5
9.Bd3 c6 10.Qc2 Nbd7 11.O-O Re8 12.Rab1 Ne4 13.b4 g6 14.b5 Nxc3 15.Qxc3 c5
16.dxc5 Nxc5 17.Nd4 Bd7 18.Rfc1 Rac8 19.Qa3 b6 20.Be2 Ne6 21.Qxe7 Rxc1+ 22.Rxc1 Rxe7
23.Nb3 d4 24.exd4 Nf4 25.Bf1 Ne2+ 26.Bxe2 Rxe2 27.d5 Rxa2 28.f3 Kf8 29.d6 Ra4
30.Rc7 Bxb5 31.Rc8+ Kg7 32.Rc7 Rb4 33.d7 Bxd7 34.Rxd7 Rxb3 35.Rxa7 Rb2 36.h4 b5
37.Kh2 b4 38.Ra6 b3 39.Rb6 Rb1 40.g4 h6 41.g5 hxg5 42.hxg5 Kf8 43.Rb7 Ke8
44.Kg3 Kd8 45.Kf4 Kc8 46.Rb4 Kd7 47.Ke5 b2 48.Kf4  1/2-1/2

[Event "Chigorin Mem Open"]
[Site "St Petersburg RUS"]
[Date "2001.10.30"]
[Round "5"]
[White "Dribinsky,B"]
[Black "Lazhevsky,G"]
[Result "1/2-1/2"]
[WhiteElo "2097"]
[BlackElo "2240"]

1.d4 Nf6 2.Nf3 e6 3.c4 Bb4+ 4.Bd2 Qe7 5.a3 Bxd2+ 6.Nbxd2 b6 7.e3 Bb7 8.Bd3 O-O
9.O-O d5 10.Rc1 c5 11.cxd5 exd5 12.Ne5 c4 13.Bf5 g6 14.Bh3 Nfd7 15.f4 b5
16.Ndf3 f6 17.Nxd7 Nxd7 18.Bxd7 Qxd7 19.h3 a5 20.Qd2 Rfe8 21.Rce1 Qd6 22.g4 b4
23.g5 f5 24.Ne5 bxa3 25.bxa3 Qxa3 26.Rb1 Ba6 27.Rb6 c3 28.Qg2 Red8 29.Re1 Rd6
30.Kh2 Rc8 31.Ra1 Qxa1 32.Rxd6 Bb7 33.Nc6 Bxc6 34.Rxc6 Rd8 35.Rc8 Rxc8 36.Qxd5+ Kf8
37.Qd6+ Ke8 38.Qe6+ Kd8 39.Qd6+  1/2-1/2

[Event "Chigorin Mem Open"]
[Site "St Petersburg RUS"]
[Date "2001.10.31"]
[Round "6"]
[White "Pliasunov,A"]
[Black "Pushkov,N"]
[Result "0-1"]
[WhiteElo "2334"]
[BlackElo "2541"]

1.d4 Nf6 2.c4 e6 3.Nf3 Bb4+ 4.Bd2 a5 5.g3 O-O 6.Bg2 d5 7.a3 Be7 8.Qc2 c6
9.O-O Nbd7 10.Nc3 dxc4 11.e4 b5 12.e5 Nd5 13.Ne4 Ba6 14.Bg5 h6 15.Bxe7 Qxe7
16.Rfe1 Rab8 17.Qd2 a4 18.Nd6 b4 19.axb4 Rxb4 20.Qc2 Rfb8 21.Ra2 Rb3 22.Qd2 Bb5
23.Rc1 Nb4 24.Ra3 Nd5 25.Ra2 N7b6 26.Ne1 Qa7 27.Bf1 Qa6 28.Bh3 a3 29.Rxa3 Rxa3
30.bxa3 Qxa3 31.Ne4 Ra8 32.Rc2 Nb4 33.Rc3 Qa2 34.Qc1 N6d5 35.Nf6+ Kh8 36.Nxd5 cxd5
37.Qf4 Nd3 38.Nxd3 cxd3 39.Rc1 d2 40.Rd1 Be2  0-1

[Event "Jonsson Mem Open"]
[Site "Reykjavik ISL"]
[Date "2001.11.02"]
[Round "10"]
[White "Sokolov,I"]
[Black "Olafsson,F"]
[Result "1/2-1/2"]
[WhiteElo "2658"]
[BlackElo "2460"]

1.d4 Nf6 2.c4 e6 3.Nf3 Bb4+ 4.Bd2 a5 5.Nc3 b6 6.e3 Bb7 7.Bd3 O-O 8.O-O d6
9.a3 Bxc3 10.Bxc3 Ne4 11.Be1  1/2-1/2

[Event "VII Sreiber Mem"]
[Site "Subotica YUG"]
[Date "2001.11.12"]
[Round "7"]
[White "Fontaine,R"]
[Black "Popchev,M"]
[Result "1/2-1/2"]
[WhiteElo "2482"]
[BlackElo "2452"]

1.d4 Nf6 2.Nf3 e6 3.c4 Bb4+ 4.Bd2 Qe7 5.g3 O-O 6.Bg2 Bxd2+ 7.Qxd2 d6 8.Nc3 e5
9.e3 Nc6 10.O-O Bg4  1/2-1/2

[Event "ch-Balkan"]
[Site "Istanbul TUR"]
[Date "2001.11.20"]
[Round "2"]
[White "Laciner,K"]
[Black "Olcayoz,A"]
[Result "0-1"]
[WhiteElo "2161"]
[BlackElo "2334"]

1.d4 Nf6 2.Nf3 e6 3.c4 Bb4+ 4.Bd2 Qe7 5.g3 Nc6 6.Bg2 Bxd2+ 7.Nbxd2 d6 8.O-O O-O
9.e4 e5 10.d5 Nb8 11.b4 Bg4 12.Qb3 Bxf3 13.Bxf3 Nbd7 14.Rfc1 b6 15.Bg2 g6
16.Bh3 Kg7 17.f3 h5 18.Qe3 h4 19.Nb3 hxg3 20.hxg3 Nh5 21.Kg2 f5 22.Qd2 Rf7
23.c5 fxe4 24.fxe4 Raf8 25.cxd6 cxd6 26.Rc7 Qf6 27.Bg4 Nb8 28.Rac1 Na6 29.Rxf7+ Qxf7
30.a3 Nf6 31.Bf3 Nxd5 32.Qd3 Ndc7 33.Rf1 b5 34.Be2 Qd7 35.Rxf8 Kxf8 36.Qe3 Kg7
37.Qxa7 Qc6 38.Qe3 Ne6 39.Qd3 Nac7 40.Na5 Qb6 41.Nb3 Qa6 42.Na5 Nd4 43.a4 Nxe2
44.Qxe2 bxa4 45.Qc2 Ne6 46.Qxa4 Qe2+ 47.Kg1 Ng5  0-1

[Event "FSIMA December"]
[Site "Budapest HUN"]
[Date "2001.12.05"]
[Round "5"]
[White "Paci,C"]
[Black "Berczes,C"]
[Result "0-1"]
[WhiteElo "2256"]
[BlackElo "2216"]

1.d4 Nf6 2.c4 e6 3.Nf3 Bb4+ 4.Bd2 Qe7 5.g3 O-O 6.Nc3 Bxc3 7.Bxc3 Ne4 8.Rc1 Nxc3
9.Rxc3 d6 10.Bg2 Nc6 11.d5 Ne5 12.Nd4 Ng6 13.O-O e5 14.Nc2 a5 15.h4 f5 16.h5 Nh8
17.f4 Nf7 18.Re3 Qf6 19.g4 exf4 20.Rxf4 Qg5 21.Qf1 Ne5 22.Nd4 Nxg4 23.Rg3 Qe7
24.Nxf5 Bxf5 25.Rxf5 Ne3 26.Rxf8+ Rxf8 27.Qc1 Nf5 28.Rf3 Qxe2 29.Qg5 Qe1+
30.Kh2 Qe5+ 31.Kg1 h6 32.Qd2 Qd4+ 33.Qxd4 Nxd4 34.Rxf8+ Kxf8 35.Be4 Ke7 36.Kf2 Kf6
37.Ke3 Ke5 38.Bg6 Nf5+ 39.Kd3 Ne7 40.Be8 Ng8 41.Ke3 Kf5 42.Bg6+ Kg5  0-1

[Event "Friendship IM"]
[Site "Prerove CZE"]
[Date "2001.12.05"]
[Round "2"]
[White "Wojtaszek,R"]
[Black "Szymanski,M"]
[Result "1-0"]
[WhiteElo "2285"]
[BlackElo "2385"]

1.d4 e6 2.c4 Nf6 3.Nf3 Bb4+ 4.Bd2 c5 5.Bxb4 cxb4 6.g3 O-O 7.Bg2 d6 8.O-O Re8
9.a3 Nc6 10.d5 exd5 11.cxd5 Ne7 12.axb4 Nexd5 13.b5 Be6 14.Nd4 Qd7 15.Re1 Bh3
16.Bh1 Nb6 17.Qd3 d5 18.Nd2 Ng4 19.N2f3 f6 20.b3 Ne5 21.Qd2 Bg4 22.Ra5 Nxf3+
23.Bxf3 Bxf3 24.Nxf3 Nc8 25.Nd4 Nd6 26.Qd3 Rec8 27.Rea1 Ne4 28.Rxa7 Rxa7
29.Rxa7 h5 30.Ra1 h4 31.Qf3 hxg3 32.hxg3 Ng5 33.Qf5 Qxf5 34.Nxf5 Rc5 35.Ra8+ Kh7
36.Nd4 Ne4 37.Kg2 Nd6 38.Rd8 Ne4 39.Rd7 b6 40.Rb7 Rc1 41.Rxb6 Rd1 42.e3  1-0

[Event "Open"]
[Site "Rijeka CRO"]
[Date "2001.12.06"]
[Round "6"]
[White "Jovanic,O"]
[Black "Golubovic,B"]
[Result "1-0"]
[WhiteElo "2409"]
[BlackElo "2458"]

1.d4 Nf6 2.c4 e6 3.Nf3 Bb4+ 4.Bd2 c5 5.Bxb4 cxb4 6.Nbd2 O-O 7.e3 d6 8.Bd3 Nc6
9.O-O e5 10.Qc2 Bg4 11.h3 Bh5 12.g4 Bg6 13.d5 Nb8 14.e4 Nfd7 15.Ne1 Na6 16.Ng2 Nac5
17.Rae1 a5 18.Re3 Rc8 19.Qd1 f6 20.Qe2 Be8 21.h4 Nxd3 22.Rxd3 b5 23.cxb5 Nb6
24.Rg3 Rc5 25.Rb1 Bxb5 26.Qd1 a4 27.Ne3 g6 28.Rf3 Qc8 29.Kg2 Rf7 30.g5 Bd3
31.Nf5 Bxb1 32.Nh6+ Kg7 33.Qxb1 Rf8 34.Qd3 fxg5 35.hxg5 Rxf3 36.Qxf3 Qf8
37.Qh3 Qe7 38.Nf3 Rc8 39.Ng4 Rf8 40.Qh6+ Kh8 41.Nf6 Qg7 42.Qh3  1-0

[Event "Salona"]
[Site "Solin-Split CRO"]
[Date "2001.12.12"]
[Round "5"]
[White "Ftacnik,L"]
[Black "Kurajica,B"]
[Result "0-1"]
[WhiteElo "2566"]
[BlackElo "2542"]

1.d4 Nf6 2.Nf3 e6 3.c4 Bb4+ 4.Bd2 a5 5.g3 b6 6.Bg2 Bb7 7.O-O O-O 8.Qc2 Be4
9.Qb3 Bxd2 10.Nbxd2 Bb7 11.Rac1 Na6 12.Rfe1 Ne4 13.Qe3 Nxd2 14.Qxd2 Be4 15.d5 Nc5
16.Rcd1 d6 17.Nd4 Bxg2 18.Kxg2 e5 19.Nc6 Qd7 20.f4 exf4 21.Qxf4 f5 22.Qf3 Rae8
23.Rd4 g6 24.b3 Qg7 25.a3 a4 26.bxa4 Nxa4 27.Rc1 Qh6 28.Rc2 Re3 29.Qf4 Qxf4
30.Rxf4 Nc5 31.Nd4 Rfe8 32.Rf3 R3e4 33.Rd2 h5 34.Kf1 Ra8 35.Rc3 Ra4 36.Rd1 h4
37.gxh4 Rxh4 38.Kg2 Ne4 39.Rc2 Rxa3 40.Rd3 Rg4+ 41.Kf3 Ra1 42.Ke3 Nc5 43.Nb3 Nxb3
44.Rxb3 Rh4  0-1

[Event "TCh-CZE 2001-2"]
[Site "CZE"]
[Date "2001.12.15"]
[Round "4"]
[White "Bazant,P"]
[Black "Zimniok,L"]
[Result "1-0"]
[WhiteElo "2321"]
[BlackElo "2163"]

1.d4 Nf6 2.c4 e6 3.Nf3 Bb4+ 4.Bd2 Qe7 5.g3 O-O 6.Bg2 d5 7.O-O Nbd7 8.Bg5 dxc4
9.Ne5 h6 10.Bxf6 Nxf6 11.Nxc4 Bd6 12.Nc3 c6 13.e4 e5 14.d5 cxd5 15.exd5 Bg4
16.Qb3 Bc5 17.Rae1 Bd4 18.Nb5 Qc5 19.Nxe5 Bd1 20.Qc4 Qxc4 21.Nxc4 Bc2 22.Nxd4 Bd3
23.Ne3 Bxf1 24.Kxf1 Rad8 25.Rc1 Rd7 26.Ke2 Rfd8 27.Kd3 g6 28.b4 Rd6 29.a4 Nd7
30.f4 g5 31.Rc7 gxf4 32.gxf4 Rf6 33.Rxb7 Rxf4 34.Nc6  1-0

[Event "Christmas Open"]
[Site "Zadar CRO"]
[Date "2001.12.15"]
[Round "1"]
[White "Cvitan,O"]
[Black "Brulic,D"]
[Result "1-0"]
[WhiteElo "2550"]
[BlackElo "2148"]

1.d4 Nf6 2.Nf3 e6 3.c4 Bb4+ 4.Bd2 c5 5.Bxb4 cxb4 6.g3 O-O 7.Bg2 d6 8.O-O Nc6
9.a3 bxa3 10.Rxa3 e5 11.Nc3 Bg4 12.dxe5 dxe5 13.Nd2 Be6 14.e3 Qd7 15.Nde4 Qxd1
16.Rxd1 Nxe4 17.Nxe4 Bxc4 18.Nc5 Rad8 19.Rc1 Bb5 20.Nxb7 Rd7 21.Nc5 Rd2 22.Ne4 Rxb2
23.Nd6 Nd8 24.Rxa7 Bd3 25.Bd5 Rb1 26.Rxb1 Bxb1 27.e4 Bc2 28.f3 g6 29.Kf2 Kg7
30.Ke3 Kf6 31.Kd2 Ne6 32.Kxc2 Nd4+ 33.Kd3 Nxf3 34.h4 g5 35.Ke3 g4 36.Nf5  1-0

[Event "10th Open"]
[Site "Aschach AUT"]
[Date "2001.12.30"]
[Round "6"]
[White "Knechtl,R"]
[Black "Danner,G"]
[Result "0-1"]
[WhiteElo "2171"]
[BlackElo "2416"]

1.d4 Nf6 2.c4 e6 3.Nf3 Bb4+ 4.Bd2 Qe7 5.a3 Bxd2+ 6.Qxd2 Ne4 7.Qc2 f5 8.Nc3 Nxc3
9.Qxc3 O-O 10.e3 d6 11.Be2 Nd7 12.O-O b6 13.Rfe1 Bb7 14.Nd2 e5 15.f4 Rae8
16.Bf3 Bxf3 17.Nxf3 Qf6 18.Rad1 exf4 19.exf4 Re4 20.Ng5 Ree8 21.Nf3 h6 22.Re3 Rxe3
23.Qxe3 Qf7 24.Qd3 Re8 25.Re1 Rxe1+ 26.Nxe1 Nf6 27.Nf3 Ne4 28.b4 c6 29.h3 a6
30.c5 b5 31.cxd6 Nxd6 32.Qc2 Qc4 33.Qxc4+ Nxc4 34.Ne5 Nxa3 35.Nxc6 Kf7 36.d5 Nc4
37.Kf2 Nb6 38.d6 g6 39.Nb8 Ke6 40.Nxa6 Kxd6 41.Ke2 Nd5 42.g3 Nf6 43.Ke3 h5
44.Kf3 Kd5 45.Nc7+ Kc4 46.Na6 Nd5 47.g4 h4 48.Nc5 Kxb4 49.Nd3+ Kc3 50.Ne5 b4
51.Nxg6 b3 52.g5 b2 53.Nxh4 b1=Q 54.Ng2 Qd3+ 55.Kf2 Qxh3  0-1

[Event "10th Open"]
[Site "Aschach AUT"]
[Date "2001.12.31"]
[Round "7"]
[White "Schneider Zinner,H"]
[Black "Lenz,A"]
[Result "1-0"]
[WhiteElo "2349"]
[BlackElo "2181"]

1.d4 Nf6 2.Nf3 e6 3.c4 Bb4+ 4.Bd2 a5 5.g3 d5 6.Bg2 dxc4 7.Qc2 Nc6 8.e3 O-O
9.O-O Bd6 10.Qxc4 e5 11.dxe5 Nxe5 12.Nxe5 Bxe5 13.Bc3 Qe7 14.Bxe5 Qxe5 15.Nc3 c6
16.Rad1 Qh5 17.Rd4 Be6 18.Qa4 b5 19.Qc2 Rac8 20.Ne2 c5 21.Rd2 Qe5 22.e4 c4
23.Qc3 Qc5 24.Rfd1 b4 25.Qd4 h6 26.h3 Nd7 27.f4 f6 28.Kh2 Nb6 29.Qxc5 Rxc5
30.Rd6 Na4 31.Rxe6 Nxb2 32.Rd7  1-0

[Event "28th ch-YUG Youth Women"]
[Site "Obrenovac YUG"]
[Date "2002.01.16"]
[Round "7"]
[White "Djuric,Ve"]
[Black "Stojanovic,Mari"]
[Result "0-1"]
[WhiteElo "2094"]
[BlackElo "2012"]

1.d4 Nf6 2.c4 e6 3.Nf3 Bb4+ 4.Bd2 c5 5.Bxb4 cxb4 6.g3 O-O 7.Bg2 d5 8.Nbd2 Nc6
9.O-O b6 10.Rc1 Bb7 11.cxd5 exd5 12.Qa4 Qd6 13.Rc2 a6 14.Rfc1 b5 15.Qb3 Rfe8
16.Qd3 Na5 17.Nb3 Nc4 18.Nc5 Bc8 19.Nh4 Qe7 20.Nf5 Bxf5 21.Qxf5 Nd6 22.Qd3 Nde4
23.Qb3 Ra7 24.Qxb4 Nxf2 25.Qb3 N2g4 26.Bf3 Ne3 27.Rd2 Nc4 28.Rdd1 Qd6 29.Rc3 Rae7
30.Rdc1 Ne4 31.Bxe4 dxe4 32.e3 h5 33.Qc2 Qh6 34.Qf2 a5 35.a4 Nd6 36.axb5 Nxb5
37.Rb3 Nxd4 38.Ra3 h4 39.Kg2  0-1

[Event "TCh-FIN 2001-02"]
[Site "FIN"]
[Date "2002.01.19"]
[Round "6"]
[White "Koskinen,Hen"]
[Black "Kiik,K"]
[Result "0-1"]
[WhiteElo "2334"]
[BlackElo "2436"]

1.d4 Nf6 2.Nf3 e6 3.c4 Bb4+ 4.Bd2 Qe7 5.g3 Nc6 6.Bg2 Bxd2+ 7.Nbxd2 d6 8.O-O O-O
9.e4 e5 10.d5 Nb8 11.b4 a5 12.a3 Bg4 13.h3 Bxf3 14.Qxf3 Nbd7 15.Rfc1 c6 16.dxc6 bxc6
17.Nb3 axb4 18.axb4 Rab8 19.Qc3 h5 20.Ra7 Qe6 21.Rc7 Rfc8 22.Rxc8+ Rxc8 23.Rd1 h4
24.Qd3 Rb8 25.Qc3 Nb6 26.Na5 hxg3 27.fxg3 d5 28.cxd5 cxd5 29.exd5 Nbxd5 30.Qc6 e4
31.Qxe6 fxe6 32.Nc6 Rb6 33.Nd4 Kf7 34.b5 e5 35.Nc2 Rxb5 36.Re1 Rb2 37.Ne3 Ke6
38.Nxd5 Kxd5 39.g4 Rb4 40.Re2 g5 41.Kf2 Rb3 42.Rd2+ Ke6 43.Ra2 e3+ 44.Ke2 e4
45.Bh1 Ke5 46.Ra4 Rb2+  0-1